Statistics for The Elder Scrolls - Aedra and Daedra Quiz

Click here to take the quiz!

General Stats

  • This quiz has been taken 2,178 times
  • The average score is 19 of 26

Answer Stats

HintAnswer% Correct
Was once Tiber SeptimTalos
94%
The Dragon God of timeAkatosh
91%
The Goddess of LoveMara
89%
The Daedric Prince of DominationMolag Bal
87%
The Daedric Prince of MadnessSheogorath
84%
The Daedric Prince of Dusk and DawnAzura
83%
The Goddess of BeautyDibella
81%
The Daedric Prince of the HuntHircine
80%
The Daedric Prince of Destruction and ChangeMehrunes Dagon
77%
The God of Burials and Funeral RitesArkay
72%
The Goddess of The Heavens, Winds, Elements Unseen Spirits of the AirKynareth
71%
The Daedric Prince of the Night and DarknessNocturnal
71%
The God of MercyStendarr
70%
The Daedric Prince of Granting Power and WishesClavicus Vile
69%
The Daedric Prince who is associated with the energies of living thingsMeridia
69%
The Daedric Prince of DebaucherySanguine
69%
The Daedric Prince of Fate and KnowledgeHermaeus Mora
67%
The God of Wisdom and LogicJulianos
67%
The God of Work and CommerceZenithar
66%
The Keeper of the Sworn Oath and the Bloody CurseMalacath
62%
The Daedric Prince of Ancient Darkness and Evil, The Lady of DecayNamira
62%
The Daedric Prince of PlotsBoethiah
59%
The Taskmaster, the Daedric Prince whose spheres are order and pestilencePeryite
59%
The Daedric Prince of Order (Was cursed to live as the above)Jyggalag
58%
The Daedric Prince whose sphere is obscured to mortalsMephala
56%
The Daedric Prince of Dreams and NightmaresVaermina
53%

Score Distribution

Percentile by Number Answered

Percent of People with Each Score

Your Score History

You have not taken this quiz